Faculty of Law Library — Cairo University

Official Online Catalog

The capital budgeting decision : (Record no. 76483)

MARC details
000 -LEADER
fixed length control field 01087pam a2200337 i 4500
003 - CONTROL NUMBER IDENTIFIER
control field EG-GICUC
005 - DATE AND TIME OF LATEST TRANSACTION
control field 20260510133101.0
008 - FIXED-LENGTH DATA ELEMENTS--GENERAL INFORMATION
fixed length control field 920128s1993 nyua frb 001 0 eng d
020 ## - INTERNATIONAL STANDARD BOOK NUMBER
International Standard Book Number 0023099437
020 ## - INTERNATIONAL STANDARD BOOK NUMBER
International Standard Book Number 9780023099434
040 ## - CATALOGING SOURCE
Original cataloging agency DLC
Transcribing agency DLC
Modifying agency DLC
-- EG-GICUC
Language of cataloging eng
Description conventions rda
050 00 - LIBRARY OF CONGRESS CALL NUMBER
Classification number HG4028.C4
Item number B54 1993
082 00 - DEWEY DECIMAL CLASSIFICATION NUMBER
Classification number 352
Edition number 21
092 04 - LOCALLY ASSIGNED DEWEY CALL NUMBER (OCLC)
Edition number 21
099 ## - LOCAL FREE-TEXT CALL NUMBER (OCLC)
Classification number Law 13 1993
100 1# - MAIN ENTRY--PERSONAL NAME
Personal name Bierman, Harold.
245 14 - TITLE STATEMENT
Title The capital budgeting decision :
Remainder of title economic analysis of investment projects /
Statement of responsibility, etc. Harold Bierman, Jr., Seymour Smidt.
250 ## - EDITION STATEMENT
Edition statement 8th edition.
264 ## - PRODUCTION, PUBLICATION, DISTRIBUTION, MANUFACTURE, AND COPYRIGHT NOTICE
Place of production, publication, distribution, manufacture New York :
Name of producer, publisher, distributor, manufacturer Macmillan Pub. Co.,
Date of production, publication, distribution, manufacture, or copyright notice 1993.
300 ## - PHYSICAL DESCRIPTION
Extent xv, 591 pages. :
Other physical details illustrations ;
Dimensions 24 cm.
336 ## - CONTENT TYPE
Content type term text
Source rdacontent
337 ## - MEDIA TYPE
Media type term Computer
Source rdamedia
338 ## - CARRIER TYPE
Carrier type term Online Resource
Source rdacarrier
504 ## - BIBLIOGRAPHY, ETC. NOTE
Bibliography, etc. note Includes bibliographical references and index.
650 #0 - SUBJECT ADDED ENTRY--TOPICAL TERM
Topical term or geographic name entry element Capital investments
General subdivision Evaluation.
650 #0 - SUBJECT ADDED ENTRY--TOPICAL TERM
Topical term or geographic name entry element Capital budget.
700 1# - ADDED ENTRY--PERSONAL NAME
Personal name Smidt, Seymour.
856 40 - ELECTRONIC LOCATION AND ACCESS
Uniform Resource Identifier <a href="https://fll.law.cu.edu.eg/fulltext/bks/ENGB13-00128.pdf">https://fll.law.cu.edu.eg/fulltext/bks/ENGB13-00128.pdf</a>
905 ## - Cataloger and Reviser Names
Cataloger Name: Hend El khosy
942 ## - ADDED ENTRY ELEMENTS (KOHA)
Source of classification or shelving scheme Dewey Decimal Classification
Koha item type Books
Edition 21
Suppress in OPAC No
Holdings
Withdrawn status Lost status Source of classification or shelving scheme Damaged status Not for loan Collection Home library Current library Date acquired Total checkouts Full call number Barcode Date last seen Copy number Price effective from Koha item type Public note
    Dewey Decimal Classification     المالية العامة والتشريع الضريبي جــــامعة القــاهرة مكتبة كلية الحقوق - فـرع الشيخ زايد 10.05.2026   Law213 352 BI . C 8 ed - 1993 1300128 C1 ENGB13-00128 10.05.2026 1 10.05.2026 Books 560

© All rights reserved — Faculty of Law, Cairo University

Implemented and Customized by: Eng. M. Mohamady